[Event "Ch Hungary (team) 2002/03 (2 liga)"]
[Site "masterchessopen.com - Hungary"]
[Date "2002.09.22"]
[Round "1"]
[White "Bodo Norbert (HUN)"]
[Black "Jozsa Csaba (HUN)"]
[Result "1-0"]
[WhiteElo "2357"]
[BlackElo "2189"]

1.c4 e5 2.Nc3 Nc6 3.Nf3 f5 4.d4 e4 5.Ng5 Nf6 6.Nh3 Bb4 7.e3 O-O 8.Bd2 d6 9.Nf4
Bd7 10.h4 Bxc3 11.Bxc3 a5 12.Be2 b6 13.a3 a4 14.b4 axb3 15.Qxb3 Kh8 16.h5 Ne7
17.h6 g6 18.d5 Qe8 19.a4 Nc8 20.a5 bxa5 21.Bxa5 Nb6 22.Bc3 Na4 23.Bd4 Kg8
24.Bd1 Nc5 25.Qc3 Rxa1 26.Qxa1 Qe7 27.Bc2 Ng4 28.Nxg6 hxg6 29.h7+ Qxh7 30.Rxh7
Kxh7 31.Qa7 {#r} 1-0

[Event "It (open)"]
[Site "masterchessopen.com - Porec (Croatia)"]
[Round "5"]
[White "Sikanjic Bojan (CRO)"]
[Black "Brecevac Viktor (CRO)"]
[Result "1-0"]
[WhiteElo "2153"]
[BlackElo "1567"]

1.c4 e5 2.Nc3 Nc6 3.Nf3 f5 4.d4 e4 5.Ng5 g6 6.Nh3 Bg7 7.e3 Nf6 8.Nf4 a6 9.Be2
Ne7 10.h4 h5 11.Qb3 d6 12.Bd2 c6 13.Rc1 Kf7 14.Na4 b5 15.cxb5+ d5 16.bxc6 Qc7
17.Qb6 Qxb6 18.Nxb6 Rb8 19.Ba5 Ne8 20.Rc2 Nc7 21.O-O Na8 22.Nxc8 Rbxc8 23.Rfc1
Nc7 24.Bxc7 Rxc7 25.Bxa6 Ra8 26.Bb7 Rxa2 27.b4 Ra7 28.b5 Raxb7 29.cxb7 Rxb7
30.Rc5 {#r} 1-0

[Event "Oberliga Northwest 2002/03"]
[Site "masterchessopen.com - Germany"]
[Date "2003.02.09"]
[Round "6"]
[White "Korba Roman (GER)"]
[Black "Kopmann Rene (GER)"]
[Result "0-1"]
[WhiteElo "2272"]
[BlackElo "2284"]

1.c4 e5 2.Nc3 Nc6 3.Nf3 f5 4.d4 e4 5.Nd2 Nxd4 6.Ndxe4 Ne6 7.Ng3 g6 8.e4 f4
9.Nge2 Bd6 10.Nd4 Nf6 11.Nf3 Ng4 12.Be2 O-O 13.b3 Ne5 14.Bb2 Nxf3+ 15.Bxf3 Be5
16.O-O Nd4 17.Qd3 d6 18.Rab1 Qg5 19.Nd5 Nxf3+ 20.Qxf3 Bg4 21.Qd3 c6 22.Nb4
{#R} 0-1

[Event "Dos Hermanas Qualifier (18-A)"]
[Site "masterchessopen.com - Internet"]
[Date "2003.03.18"]
[Round "2"]
[White "Mahdi Khaled (AUT)"]
[Black "Santos Olivera Francisco (ESP)"]
[Result "1-0"]
[WhiteElo "2383"]
[BlackElo "1845"]

1.c4 e5 2.Nc3 Nc6 3.Nf3 f5 4.d4 e4 5.Ng5 h6 6.Nh3 g5 7.Ng1 Bg7 8.e3 Nf6 9.h4
g4 10.Nge2 Nh5 11.g3 d6 12.Nd5 Bd7 13.Nef4 Nxf4 14.Nxf4 Ne7 15.Nh5 Rg8 16.Qb3
b6 17.Bd2 Nc6 18.c5 Ne7 19.Bc4 d5 20.Bxd5 Nxd5 21.Qxd5 Kf8 22.c6 Bxc6 23.Bb4+
{#r} 1-0

[Event "It (open)"]
[Site "masterchessopen.com - Chennai (India)"]
[Round "12"]
[White "Tejdeep Adabala (IND)"]
[Black "Krishna CK"]
[Result "0-1"]
[WhiteElo "2079"]
[BlackElo "2196"]

1.c4 e5 2.Nc3 Nc6 3.Nf3 f5 4.d4 e4 5.Nd2 Nf6 6.e3 Bb4 7.Be2 O-O 8.Qb3 a5 9.a3
Bxc3 10.Qxc3 d5 11.O-O Kh8 12.Qc2 Ne7 13.Nb1 Ra6 14.cxd5 Rd6 15.Bd2 Nfxd5
16.Nc3 Nxc3 17.Bxc3 Nd5 18.Qd2 Qh4 19.g3 Rg6 20.Kh1 Qh6 21.Rfc1 f4 22.exf4
Nxf4 23.Bf1 Qh5 24.Qe3 Bg4 25.h4 Bf3+ 26.Kh2 Rg4 27.Bd2 Rxh4+ {#R} 0-1

[Event "Bayern Landesliga South 2003/04"]
[Site "masterchessopen.com - Bayern (Germany)"]
[Date "2004.02.15"]
[Round "6"]
[White "Binder Karlheinz"]
[Black "Helbig Uwe (GER)"]
[Result "0-1"]
[WhiteElo "2084"]
[BlackElo "2192"]

1.c4 e5 2.Nc3 Nc6 3.Nf3 f5 4.d4 e4 5.Bg5 Be7 6.Bxe7 Ngxe7 7.Nd2 Nxd4 8.Ndxe4
Nec6 9.Nd2 O-O 10.g3 d6 11.Bg2 f4 12.O-O fxg3 13.hxg3 Bg4 14.Nf3 Nxe2+ 15.Nxe2
Rxf3 16.Bxf3 Bxf3 17.Qd3 Qf6 18.Qe3 Qf5 19.Nf4 Ne5 20.c5 Kh8 21.cxd6 cxd6
22.Qb3 Re8 23.Rfe1 Bc6 24.Re3 g5 25.Nd5 Rf8 26.f4 gxf4 27.gxf4 Bxd5 28.Qxd5
Qxf4 29.Re2 Nf3+ 30.Kf2 Nd4+ {#R} 0-1

[Event "Ch Norway (open)"]
[Site "masterchessopen.com - Oslo (Norway)"]
[Date "2004.04.11"]
[Round "9"]
[White "Johnsen Sylvia (NOR)"]
[Black "Kvisla Johannes L"]
[Result "0-1"]
[WhiteElo "2059"]
[BlackElo "1600"]

1.c4 e5 2.Nc3 Nc6 3.Nf3 f5 4.d3 Nf6 5.g3 Bc5 6.Bg2 d6 7.O-O O-O 8.a3 Qe8 9.b4
Bb6 10.Ne1 f4 11.Nc2 fxg3 12.hxg3 Qh5 13.Ne3 Bh3 14.Ncd5 Ng4 15.Bxh3 Qxh3
16.Nxg4 Qxg3+ {#R} 0-1

[Event "It (open)"]
[Site "masterchessopen.com - Pobla de Vallbona (Spain)"]
[Round "4"]
[White "Gonzalvez Garcia Pablo (ESP)"]
[Black "Gimenez Saiz Jose Raul (ESP)"]
[Result "0-1"]
[WhiteElo "2022"]
[BlackElo "2142"]

1.c4 e5 2.Nc3 Nc6 3.Nf3 f5 4.d3 Nf6 5.g3 Bc5 6.Bg2 f4 7.gxf4 O-O 8.fxe5 Ng4
9.d4 Nxd4 10.Ne4 Nxf3+ 11.exf3 Bb4+ 12.Bd2 Bxd2+ 13.Qxd2 Nxe5 14.Qd5+ Nf7
15.O-O-O d6 16.h4 Qe7 17.f4 c6 18.Qh5 d5 19.cxd5 cxd5 20.Ng5 Bf5 21.Kd2 Rac8
22.Rc1 Qb4+ 23.Ke3 Rfe8+ 24.Kf3 Bg6 25.Qg4 Ne5+ {#R} 0-1

[Event "Tournament (qual)"]
[Site "masterchessopen.com - Alzira (Spain)"]
[Date "2004.11.06"]
[Round "2"]
[White "Morant Gomar Sergio (ESP)"]
[Black "Radal Orts David (ESP)"]
[Result "1-0"]
[WhiteElo "1943"]
[BlackElo "1913"]

1.c4 e5 2.Nc3 Nc6 3.Nf3 f5 4.d3 Nf6 5.a3 Be7 6.g3 O-O 7.Bg2 Nh5 8.Nd5 b6
9.Nxe7+ Qxe7 10.Bg5 Qe8 11.Bd2 Bb7 12.Bc3 d6 13.Ng5 Qg6 14.Ne6 Rfc8 15.Bd5 Kh8
16.Qa4 Nd8 17.Nf8 Qg5 18.Qe8 {#r} 1-0

[Event "Ch Finland (team) 2004/05 (I Division)"]
[Site "masterchessopen.com - Finland"]
[Date "2004.11.14"]
[Round "4"]
[White "Nippula Timo (FIN)"]
[Black "Issakainen Ari (FIN)"]
[Result "1-0"]
[WhiteElo "2209"]
[BlackElo "2230"]

1.c4 e5 2.Nc3 Nc6 3.Nf3 f5 4.d4 e4 5.Ng5 h6 6.Nh3 g5 7.Ng1 Bg7 8.e3 Nf6 9.h4
Kf7 10.Nh3 Kg6 11.Be2 d6 12.Bd2 a5 13.f3 gxh4 14.Nf4+ Kh7 15.Qb3 Bd7 16.Ncd5
Nxd5 17.cxd5 Ne7 18.O-O-O c6 19.dxc6 bxc6 20.Rxh4 c5 21.Qf7 Qe8 22.Rxh6+ Kxh6
23.Rh1+ Kg5 24.Qxg7+ Qg6 25.Ne6+ {#r} 1-0

[Event "It (open)"]
[Site "masterchessopen.com - Singapore"]
[Date "2004.12.14"]
[Round "6"]
[White "Iswana Achyu (INA)"]
[Black "Rismanto Ricky (INA)"]
[Result "0-1"]
[WhiteElo "2096"]
[BlackElo "2169"]

1.c4 e5 2.Nc3 Nc6 3.Nf3 f5 4.e4 d6 5.d4 fxe4 6.Nxe4 exd4 7.Bg5 Be7 8.Bd3 Bg4
9.Qd2 Bxf3 10.gxf3 Nf6 11.h4 Ne5 12.Rh3 Qd7 13.Rg3 Nh5 14.O-O-O Nxg3 15.fxg3
O-O-O 16.f4 Ng4 17.f5 Kb8 18.Rf1 Bxg5 19.Nxg5 Ne3 20.Rf4 c5 21.Ne6 Rhe8 22.Re4
Nxf5 23.Qe2 Nxg3 {#R} 0-1

[Event "It (open)"]
[Site "masterchessopen.com - Singapore"]
[Date "2004.12.14"]
[Round "5"]
[White "Wen Gehua (CHN)"]
[Black "Singh Rishipal S (IND)"]
[Result "0-1"]
[WhiteElo "2071"]
[BlackElo "2259"]

1.c4 e5 2.Nc3 Nc6 3.Nf3 f5 4.d3 Nf6 5.Bg5 Bb4 6.Qb3 e4 7.Nd2 Nd4 8.Qd1 exd3
9.exd3 O-O 10.Be3 Re8 11.Ne2 Ne6 12.a3 Bf8 13.Nb3 f4 14.Bd4 Nxd4 15.Nxd4 d5
16.Qd2 dxc4 17.dxc4 Ne4 18.Qxf4 c5 19.Nb3 Bd6 20.Qe3 Ng3 21.Qxe8+ Qxe8 22.hxg3
Bf5 23.O-O-O Qe4 24.Kd2 Be5 25.g4 Qc2+ 26.Ke1 Bxg4 27.Nxc5 Bxb2 28.f3 Bxa3
29.Ne4 Bb4+ 30.Nd2 Rd8 {#R} 0-1

[Event "Ch Berlin (qual)"]
[Site "masterchessopen.com - Berlin (Germany)"]
[Date "2005.03.26"]
[Round "1"]
[White "Dahnaci Erol Thomas (GER)"]
[Black "Freyberg Dominic (GER)"]
[Result "0-1"]
[WhiteElo "1722"]
[BlackElo "2169"]

1.c4 e5 2.Nc3 Nc6 3.Nf3 f5 4.e4 Bc5 5.exf5 Nf6 6.Na4 d6 7.Nxc5 dxc5 8.Qb3 O-O
9.g4 Nxg4 10.d3 Bxf5 11.Bg5 Qd7 12.Rg1 e4 13.dxe4 Bxe4 14.Nd2 Rae8 15.Be2 Bd3
16.Be3 Bxe2 17.h3 Nxe3 18.fxe3 Bh5 19.Rg3 Qf5 {#R} 0-1

[Event "It (open)"]
[Site "masterchessopen.com - Latschach (Austria)"]
[Date "2005.08.18"]
[Round "7"]
[White "Dangl Christian (AUT)"]
[Black "Feichter Clemens (AUT)"]
[Result "0-1"]
[WhiteElo "1879"]
[BlackElo "2096"]

1.c4 e5 2.Nc3 Nc6 3.Nf3 f5 4.d3 Nf6 5.a3 d6 6.g3 g6 7.Bg2 Bg7 8.O-O O-O 9.Bd2
Ne7 10.Qc1 c6 11.Bh6 Bd7 12.Bxg7 Kxg7 13.b3 a6 14.Qb2 g5 15.e3 Ng6 16.Rae1 g4
17.Nd2 h5 18.d4 e4 19.d5 c5 20.Re2 h4 21.Bh1 Rh8 22.Rfe1 Ne5 23.Rd1 Nf3+
24.Bxf3 gxf3 25.Ree1 hxg3 26.fxg3 f2+ {#R} 0-1

[Event "It (open)"]
[Site "masterchessopen.com - Polanica Zdroj (Poland)"]
[Date "2005.08.21"]
[Round "3"]
[White "Lada Ireneusz (POL)"]
[Black "Andrejczuk Beata (POL)"]
[Result "1-0"]
[WhiteElo "2143"]
[BlackElo "2139"]

1.c4 e5 2.Nc3 Nc6 3.Nf3 f5 4.d4 e4 5.Ng5 Nf6 6.Nh3 d5 7.e3 Be6 8.Nf4 Bf7
9.cxd5 Nxd5 10.Nfxd5 Bxd5 11.Nxd5 Qxd5 12.Bd2 f4 13.Qa4 fxe3 14.fxe3 O-O-O
15.Bb5 Nb8 16.O-O-O a6 17.Bc4 Qc6 18.Qxc6 Nxc6 19.Rhf1 Be7 20.Rf4 Bg5 21.Rxe4
Rde8 22.Rxe8+ Rxe8 23.Rf1 {#r} 1-0

[Event "It (cat.1) (b)"]
[Site "masterchessopen.com - Budapest (Hungary)"]
[Date "2005.10.10"]
[Round "10"]
[White "Khadempour Farhad (GER)"]
[Black "Bennett David Michael (USA)"]
[Result "0-1"]
[WhiteElo "2192"]
[BlackElo "2208"]

1.c4 e5 2.Nc3 Nc6 3.Nf3 f5 4.d3 Bb4 5.Bd2 Nf6 6.g3 d6 7.Bg2 Bxc3 8.Bxc3 O-O
9.O-O Qe8 10.b4 Qh5 11.b5 Ne7 12.Re1 f4 13.c5 Bh3 14.cxd6 cxd6 15.Bb4 Ng4
16.Qb3+ Kh8 17.Nh4 Bxg2 18.Kxg2 Nf5 19.h3 Nxh4+ 20.gxh4 Rf6 21.Rg1 f3+ 22.exf3
Nxf2 23.Qd5 Nxh3 24.Qxb7 Raf8 25.Rgf1 Rg6+ 26.Kxh3 Qf5+ 27.Kh2 Qf4+ 28.Kh3
Qg3# 0-1

[Event "Tournament (Elo)"]
[Site "masterchessopen.com - Perm (Russia)"]
[Date "2006.08.03"]
[Round "1"]
[White "Goldshtein Grigory (RUS)"]
[Black "Radostev Pavel (RUS)"]
[Result "1-0"]
[WhiteElo "2161"]
[BlackElo "1845"]

1.c4 e5 2.Nc3 Nc6 3.Nf3 f5 4.e3 Nf6 5.d4 e4 6.Nd2 g6 7.a4 a5 8.f3 exf3 9.Nxf3
d6 10.Bd3 Bg7 11.O-O O-O 12.Bd2 Qe7 13.Qc2 Bd7 14.Rad1 Rae8 15.Nd5 Qd8
16.Nxf6+ Bxf6 17.d5 Ne5 18.Nxe5 Bxe5 19.g3 b6 20.Rf3 Qe7 21.Rdf1 Qg7 22.Bc1
Rf6 {#r} 1-0

[Event "Cup Independence (open) (b)"]
[Site "masterchessopen.com - Kiev (Ukraine)"]
[Date "2006.08.08"]
[Round "7"]
[White "Gubay Nikolay (UKR)"]
[Black "Docenko Feodosi J (UKR)"]
[Result "0-1"]
[WhiteElo "2168"]
[BlackElo "2087"]

1.c4 e5 2.Nc3 Nc6 3.Nf3 f5 4.d4 e4 5.Ng5 Nf6 6.Nh3 g6 7.Bg5 h6 8.Bxf6 Qxf6
9.Nf4 Bb4 10.e3 Bxc3+ 11.bxc3 d6 12.Be2 O-O 13.O-O Ne7 14.f3 g5 15.Nd5 Nxd5
16.cxd5 exf3 17.Rxf3 Qe7 18.Qd3 Bd7 19.Re1 Rae8 20.Bd1 Kg7 21.Bc2 Kh8 22.Qf1
f4 23.e4 Qf7 24.e5 dxe5 25.dxe5 Qxd5 26.Bb3 Qc5+ 27.Qf2 Rxe5 {#R} 0-1

[Event "It \"]
[Site "masterchessopen.com - Chicago (USA)"]
[Date "2006.08.12"]
[Round "8"]
[White "Kochetkov Vitali (BLR)"]
[Black "Bakker Joshua (USA)"]
[Result "1-0"]
[WhiteElo "2316"]
[BlackElo "2139"]

1.c4 e5 2.Nc3 Nc6 3.Nf3 f5 4.d4 e4 5.Ng5 Nf6 6.f3 d5 7.cxd5 Nxd5 8.fxe4 fxe4
9.a3 Nxc3 10.bxc3 Be7 11.Nxe4 Qd5 12.Nf2 O-O 13.e4 Qf7 14.Be3 Bg5 15.Qd2 Na5
16.Bxg5 Nb3 17.Qa2 Nxa1 18.Bc4 {#r} 1-0

[Event "Tournament (Elo) (b)"]
[Site "masterchessopen.com - Budapest (Hungary)"]
[Date "2006.09.11"]
[Round "10"]
[White "Berki Ferenc (HUN)"]
[Black "Schuetz Peter (SVK)"]
[Result "0-1"]
[WhiteElo "1987"]
[BlackElo "1965"]

1.c4 e5 2.Nc3 Nc6 3.Nf3 f5 4.d3 Nf6 5.g3 Bc5 6.Bg2 d6 7.O-O O-O 8.Na4 Qe8
9.Nxc5 dxc5 10.b3 Qh5 11.Ba3 Rd8 12.Bxc5 e4 13.Ne1 f4 14.Ba3 Ng4 15.h3 fxg3
16.fxg3 Ne3 17.Qd2 Nxf1 18.Kxf1 Bxh3 19.Nc2 exd3 20.exd3 Qf3+ 21.Kg1 Qxg2+
22.Qxg2 Bxg2 23.Kxg2 Rxd3 24.Ne1 Rd2+ 25.Kg1 Rad8 26.Bc5 Rd1 27.Rxd1 Rxd1
28.Kf1 Ra1 29.a4 Ne5 30.Ke2 Rxe1+ {#R} 0-1

[Event "Tournament \"]
[Site "masterchessopen.com - Petrozavodsk (Russia)"]
[Date "2006.10.09"]
[Round "5"]
[White "Oshukov Andrey (RUS)"]
[Black "Jatshmenev Mihail (RUS)"]
[Result "0-1"]
[WhiteElo "2093"]
[BlackElo "2195"]

1.c4 e5 2.Nc3 Nc6 3.Nf3 f5 4.d4 e4 5.d5 exf3 6.dxc6 bxc6 7.gxf3 Qh4 8.e4 fxe4
9.fxe4 Bc5 10.Qf3 Ne7 11.Qg3 Ng6 12.Bg5 Qxg3 13.hxg3 Rb8 14.b3 O-O 15.Rh2 Ne5
16.Be2 d6 17.Nd1 Ng4 18.Rg2 Bd4 19.Rb1 c5 20.Bf4 h6 21.Bd2 Bb7 22.f3 g5 23.Nc3
Ne5 24.Rf2 Bxf2+ 25.Kxf2 Rbe8 26.Kg2 Kg7 {#R} 0-1

[Event "Ch France (team) (nat.2) 2006/07"]
[Site "masterchessopen.com - France"]
[Date "2007.01.20"]
[Round "5"]
[White "Bardel Stephan (FRA)"]
[Black "Genzling Alain (FRA)"]
[Result "1-0"]
[WhiteElo "2244"]
[BlackElo "2279"]

1.c4 e5 2.Nc3 Nc6 3.Nf3 f5 4.d4 e4 5.Ng5 Nf6 6.e3 g6 7.Be2 Bh6 8.h4 O-O 9.Qb3
Kg7 10.Bd2 b6 11.Nd5 Na5 12.Qc2 Ne8 13.O-O-O c6 14.Nf4 Bxg5 15.hxg5 d5 16.cxd5
Rf7 17.Kb1 Qd6 18.Bxa5 cxd5 19.Bb4 Qd7 20.Rh6 a5 21.Rdh1 Kg8 22.Ba3 Bb7
23.Nxg6 Rc8 24.Qd2 Rg7 25.Ne5 {#r} 1-0

[Event "Ch Ecuador (final)"]
[Site "masterchessopen.com - Ecuador"]
[Date "2007.03.08"]
[Round "1"]
[White "Freile Martin Javier (ECU)"]
[Black "Chang Suarez Rommel (ECU)"]
[Result "1-0"]
[WhiteElo "2332"]
[BlackElo "2258"]

1.c4 e5 2.Nc3 Nc6 3.Nf3 f5 4.d4 e4 5.Ng5 Nf6 6.Nh3 g6 7.Nf4 Bg7 8.e3 O-O 9.h4
d6 10.a3 Bd7 11.Be2 Qc8 12.b4 Be8 13.b5 Nd8 14.a4 Bf7 15.Ba3 Re8 16.Rc1 Ne6
17.Ncd5 Nxf4 18.Nxf4 Qd8 19.c5 d5 20.a5 c6 21.Qa4 Re7 22.a6 Rb8 23.O-O bxa6
24.bxc6 Qc7 25.Rb1 Bh6 26.Qxa6 Bxf4 27.exf4 Be8 28.Rb7 Rxb7 29.cxb7 Nd7 30.Qd6
Qxd6 31.cxd6 {#r} 1-0

[Event "Tournament (Elo) (for the Deaf)"]
[Site "masterchessopen.com - Dmitrov (Russia)"]
[Date "2007.04.14"]
[Round "4"]
[White "Nadvikov Roman (RUS)"]
[Black "Burmistrov Alexander (RUS)"]
[Result "1-0"]
[WhiteElo "2229"]
[BlackElo "1733"]

1.c4 e5 2.Nc3 Nc6 3.Nf3 f5 4.d3 Nf6 5.g3 Bb4 6.Bd2 O-O 7.Bg2 d6 8.O-O Bxc3
9.Bxc3 Qe8 10.b4 Qh5 11.Qd2 Be6 12.Ng5 Rae8 13.Nxe6 Rxe6 14.b5 Nd4 15.Rae1 b6
16.f4 Kh8 17.fxe5 dxe5 18.e3 Nxb5 19.cxb5 Ng4 20.h3 Nf6 21.Qb2 Rfe8 22.Qf2 g6
23.e4 fxe4 24.g4 Qh6 25.Bxe5 Rxe5 26.Qxf6+ Qg7 27.Rxe4 {#r} 1-0

[Event "Ch Greece (juniors) (under 16)"]
[Site "masterchessopen.com - Halkidiki, Greece"]
[Date "2007.06.28"]
[Round "5"]
[White "Filippas Sebastian (GRE)"]
[Black "Konstantinidis Lazaros (GRE)"]
[Result "1-0"]
[WhiteElo "2199"]
[BlackElo "1891"]

1.c4 e5 2.Nc3 Nc6 3.Nf3 f5 4.d3 Nf6 5.g3 Bc5 6.Bg2 d6 7.O-O O-O 8.a3 a5 9.Rb1
Qe8 10.e3 Qf7 11.Qc2 h6 12.Rd1 e4 13.Nd2 exd3 14.Qxd3 Ne5 15.Qe2 c6 16.b4 axb4
17.axb4 Bb6 18.f4 Neg4 19.c5 dxc5 20.Nc4 Ba7 21.b5 {#r} 1-0

[Event "Ch Belgium (open)"]
[Site "masterchessopen.com - Namur (Belgium)"]
[Date "2007.07.03"]
[Round "4"]
[White "Swijsen Lars (BEL)"]
[Black "Deschepper Jeroen (BEL)"]
[Result "1-0"]
[WhiteElo "1993"]
[BlackElo "1951"]

1.c4 e5 2.Nc3 Nc6 3.Nf3 f5 4.g3 Nf6 5.Bg2 Bc5 6.O-O O-O 7.a3 a5 8.d3 Qe8 9.Bg5
d6 10.Bxf6 gxf6 11.e3 Kh8 12.d4 Ba7 13.Nb5 Qf7 14.Nxa7 Rxa7 15.d5 Ne7 16.Nh4
Rg8 17.f4 Bd7 18.Bh3 Raa8 19.fxe5 fxe5 20.e4 Ng6 21.Nxf5 Nf4 22.Rxf4 exf4
23.Qd4+ Rg7 24.Nxg7 Bxh3 25.Nf5+ {#r} 1-0

[Event "It \"]
[Site "masterchessopen.com - Ilyichevsk (Ukraine)"]
[Date "2007.07.20"]
[Round "1"]
[White "Haraus Sergey (UKR)"]
[Black "Dudin Denis (RUS)"]
[Result "0-1"]
[WhiteElo "1915"]
[BlackElo "2161"]

1.c4 e5 2.Nc3 Nc6 3.Nf3 f5 4.d3 Nf6 5.e3 g6 6.Be2 Bg7 7.O-O O-O 8.a3 d6 9.Qc2
h6 10.b4 g5 11.Bb2 Be6 12.d4 g4 13.d5 gxf3 14.gxf3 Bd7 15.dxc6 bxc6 16.Kh1 Kh8
17.Rg1 Ne8 18.Rad1 Qh4 19.Bf1 f4 20.e4 Qe7 21.Qd2 Be6 22.Bd3 Nf6 23.Qe2 Nh7
24.Bc2 Ng5 25.Ba4 Qf7 26.Bb3 Qh5 27.Rd3 Bf6 28.Qd1 Rg8 29.Nb1 Nh3 {#R} 0-1

[Event "It"]
[Site "masterchessopen.com - Rio de Janeiro (Brazil)"]
[Date "2007.10.13"]
[Round "4"]
[White "Teixeira Ricardo Da Silva (BRA)"]
[Black "Ferreira Kleber Victor (BRA)"]
[Result "1-0"]
[WhiteElo "2397"]
[BlackElo "2080"]

1.c4 e5 2.Nc3 Nc6 3.Nf3 f5 4.d4 e4 5.Nd2 Nf6 6.e3 Bb4 7.Qb3 f4 8.d5 fxe3
9.dxc6 exd2+ 10.Bxd2 Bxc3 11.cxd7+ Bxd7 12.Qxc3 O-O 13.h3 Qe8 14.Be3 a6 15.Be2
Qg6 16.O-O-O b5 17.g4 Be6 18.Rd4 Nd7 19.h4 Nb6 20.h5 Qf7 21.h6 Na4 22.Qc2 Nc5
23.hxg7 Rfb8 24.cxb5 Nd3+ 25.Rxd3 {#r} 1-0

[Event "Ch Germany (juniors) (club) (under 20) (g)"]
[Site "masterchessopen.com - Stuttgart (Germany)"]
[Date "2007.12.30"]
[Round "7"]
[White "Adomeit Lena (GER)"]
[Black "Schoettler Katharina (GER)"]
[Result "0-1"]
[WhiteElo "1140"]
[BlackElo "1600"]

1.c4 e5 2.Nc3 Nc6 3.Nf3 f5 4.d3 Nf6 5.Bg5 Bb4 6.Qb3 d6 7.a3 Ba5 8.Bd2 O-O 9.e3
Rb8 10.Be2 Be6 11.Ng5 Bf7 12.O-O Qd7 13.Nxf7 Qxf7 14.Qc2 Ne7 15.b4 Bb6 16.Na4
Ng6 17.Nxb6 axb6 18.Qc3 f4 19.g3 Qe6 20.exf4 exf4 21.Rae1 Qh3 22.Bf3 Nh4 {#R}
0-1

[Event "NRW Klasse 2 2007/08"]
[Site "masterchessopen.com - Germany"]
[Date "2008.03.02"]
[Round "7"]
[White "Weber Peter (GER)"]
[Black "Armbruster Alexander (GER)"]
[Result "0-1"]
[WhiteElo "2225"]
[BlackElo "2337"]

1.c4 e5 2.Nc3 Nc6 3.Nf3 f5 4.d4 e4 5.Ng5 h6 6.Nh3 g5 7.e3 Nf6 8.f3 exf3 9.gxf3
d6 10.d5 Ne5 11.f4 Neg4 12.Qf3 Qe7 13.fxg5 hxg5 14.Nxg5 Bh6 15.h4 Bd7 16.Bd2
O-O-O 17.O-O-O Bxg5 18.hxg5 Nh7 19.Bg2 Nxg5 20.Qf4 Nf7 21.Kc2 Nfe5 22.Rxh8
Rxh8 23.Rh1 Rxh1 24.Bxh1 Qh4 25.Qd4 b6 26.Bg2 Qh2 27.Bf1 Nf3 {#R} 0-1

[Event "Tournament (Elo) (a)"]
[Site "masterchessopen.com - Warsaw (Poland)"]
[Date "2008.03.21"]
[Round "12"]
[White "Gasik Piotr (POL)"]
[Black "Zurkowski Andrzej (POL)"]
[Result "0-1"]
[WhiteElo "2127"]
[BlackElo "2068"]

1.c4 e5 2.Nc3 Nc6 3.Nf3 f5 4.d4 e4 5.Bg5 Be7 6.Bxe7 Ncxe7 7.Nd2 Nf6 8.e3 O-O
9.c5 d5 10.cxd6 cxd6 11.Be2 Be6 12.O-O d5 13.Rc1 g5 14.Nb3 b6 15.Nb5 Ne8
16.Qc2 f4 17.Nc7 Nxc7 18.Qxc7 Qe8 19.Qe5 Qg6 20.Rc7 Nf5 21.Bg4 Rae8 22.Rxa7 h5
23.Bxf5 Rxf5 24.Qc7 Ref8 25.exf4 gxf4 26.h4 f3 27.g3 e3 28.Rb7 e2 29.Re1 R5f7
30.Qxb6 Rxb7 31.Qxb7 Qxg3+ {#R} 0-1

[Event "It (open)"]
[Site "masterchessopen.com - Triesen (Liechtenstein)"]
[Date "2008.04.27"]
[Round "3"]
[White "Laske Erich (AUT)"]
[Black "Mantovani Renzo (ITA)"]
[Result "0-1"]
[WhiteElo "2100"]
[BlackElo "2359"]

1.c4 e5 2.Nc3 Nc6 3.Nf3 f5 4.d4 e4 5.Ng5 Nf6 6.g3 h6 7.Nh3 g5 8.Bg2 Bg7 9.O-O
d5 10.cxd5 Nxd5 11.Nxd5 Qxd5 12.e3 Be6 13.Bd2 O-O-O 14.Qc2 Bxd4 15.exd4 Nxd4
16.Qa4 Ne2+ 17.Kh1 Qxd2 18.Qxa7 Qb4 19.Rfd1 Nd4 20.a3 Qb6 21.Qa8+ Kd7 22.Qa4+
Ke7 23.Qb4+ Qxb4 24.axb4 Nc2 25.Rxd8 Rxd8 26.Rc1 Rd2 {#R} 0-1

[Event "It (open)"]
[Site "masterchessopen.com - Pontevedra (Spain)"]
[Date "2008.08.14"]
[Round "5"]
[White "Carrera Perez Francisco (ESP)"]
[Black "Barral Castro Yago (ESP)"]
[Result "1-0"]
[WhiteElo "2259"]
[BlackElo "1671"]

1.c4 e5 2.Nc3 Nc6 3.Nf3 f5 4.d4 e4 5.Nd2 Nf6 6.e3 Be7 7.a3 a5 8.Qc2 d6 9.f3
exf3 10.Nxf3 O-O 11.Bd3 Ng4 12.O-O Qe8 13.h3 Nh6 14.Bd2 Bd7 15.Rae1 Qh5 16.Nd5
Bd8 17.e4 Ne7 18.Nf4 Qf7 19.e5 dxe5 20.Nxe5 Qf6 21.d5 Bc8 22.Nf3 c6 23.Ne6
Bxe6 24.Rxe6 Qf7 25.Ne5 Qh5 26.Nd7 Re8 27.Bxh6 gxh6 28.Nf6+ {#r} 1-0

[Event "It (open)"]
[Site "masterchessopen.com - Latschach (Austria)"]
[Date "2008.08.15"]
[Round "8"]
[White "Nagel Herbert (AUT)"]
[Black "Mencinger Vojko (SLO)"]
[Result "0-1"]
[WhiteElo "2120"]
[BlackElo "2379"]

1.c4 e5 2.Nc3 Nc6 3.Nf3 f5 4.d4 e4 5.Ng5 Nf6 6.Nh3 Be7 7.g3 O-O 8.Bg2 Na5 9.b3
c6 10.d5 Bb4 11.Bb2 b5 12.O-O bxc4 13.dxc6 dxc6 14.f3 exf3 15.exf3 Qxd1
16.Rfxd1 cxb3 17.axb3 Be6 18.Nf4 Bxb3 19.Nd3 Bxc3 {#R} 0-1

[Event "It (open) (b)"]
[Site "masterchessopen.com - Polanica Zdroj (Poland)"]
[Date "2008.08.22"]
[Round "4"]
[White "Lada Ireneusz (POL)"]
[Black "Plotecki Jan (POL)"]
[Result "1-0"]
[WhiteElo "2177"]
[BlackElo "1903"]

1.c4 e5 2.Nc3 Nc6 3.Nf3 f5 4.d4 e4 5.Ng5 Nf6 6.Nh3 Ne7 7.Bg5 Ng6 8.f3 exf3
9.exf3 Be7 10.Qc2 d6 11.O-O-O c6 12.Rg1 d5 13.Nf2 Be6 14.h4 Nh5 15.cxd5 cxd5
16.Nfe4 {#r} 1-0